Liittoutuneet toisessa maailmansodassa - Äkkikuolema - Statistics

Yleistilastot
  • Tätä visaa on pelattu 166 kertaa
  • Keskiarvotulos 6 / 11
Answers on the Grid
Answers color-coded by a green-red scale on the quiz's grid according to % correct below.
Afganistan
Alankomaat
Australia
Belgia
Bulgaria
Irlanti
Japani
Kreikka
Liberia
Neuvostoliitto
Portugali
Puola
Ranska
Romania
Ruotsi
Sveitsi
Tanska
Unkari
Yhdistynyt Kuningaskunta
Yhdysvallat
 
Vastaustilastot
Vastaus % Oikein
Yhdysvallat
85%
Yhdistynyt Kuningaskunta
81%
Ranska
76%
Neuvostoliitto
72%
Alankomaat
65%
Belgia
59%
Australia
46%
Puola
42%
Tanska
40%
Kreikka
32%
Liberia
12%
Ehtoja vastaavia visoja ei löytynyt
Tulosjakauma
Jokaisen tuloksen saaneiden osuus
Persentiili vastausten määrän mukaan
Tuloshistoriasi
Et ole pelannut tätä visaa